[Event "Medellin Depart Primera Mayor 2000"]
[Site "Medellin"]
[Date "2011.05.06"]
[Round "3.1"]
[White "Gallego Alcaraz, Andres Felipe"]
[Black "Echavarria, Gustavo"]
[Result "1-0"]
[WhiteElo "2368"]
[BlackElo "1947"]
[PlyCount "65"]
[EventDate "2011.05.04"]
[EventType "swiss"]
[EventRounds "7"]
[EventCountry "COL"]
[SourceTitle "EXT 2024"]
[Source "ChessBase"]
[SourceDate "2023.10.10"]
[SourceVersion "1"]
[SourceVersionDate "2023.10.10"]
[SourceQuality "1"]

1. e4 c6 2. d4 d5 3. f3 e6 4. Nc3 Bb4 5. Bf4 Ne7 6. Qd2 Ng6 7. Bg3 Nd7 8. 0-0-0 Qa5 9. Nge2 Nb6 10. Kb1 Nc4 11. Qc1 b6 12. Be1 Ba6 13. Ng3 h6 14. Bxc4 Bxc4 15. a3 c5 16. exd5 exd5 17. axb4 cxb4 18. Na4 Qxa4 19. b3 Qb5 20. Qe3+ Kd7 21. bxc4 dxc4 22. Qe4 Ne7 23. Qb7+ Ke6 24. Bf2 Nd5 25. Rhe1+ Kf6 26. Nh5+ Kg6 27. Qxd5 Qa6 28. Qe4+ f5 29. Qe6+ Kh7 30. Nf6+ Kg6 31. Nd5+ Kg5 32. h4+ Kh5 33. Nf4# 1-0

[Event "Medellin op Experts"]
[Site "Medellin"]
[Date "2011.04.24"]
[Round "9.3"]
[White "Echavarria, Gustavo"]
[Black "Dominguez, Oscar Alberto"]
[Result "1-0"]
[WhiteElo "1947"]
[BlackElo "1981"]
[PlyCount "26"]
[EventDate "2011.04.20"]
[EventType "swiss"]
[EventRounds "9"]
[EventCountry "COL"]
[SourceTitle "EXT 2024"]
[Source "ChessBase"]
[SourceDate "2023.10.10"]
[SourceVersion "1"]
[SourceVersionDate "2023.10.10"]
[SourceQuality "1"]

1. d4 Nf6 2. e3 g6 3. Bd3 Bg7 4. Nd2 d6 5. f4 0-0 6. Ngf3 c5 7. c3 e5 8. fxe5 dxe5 9. Ne4 Nxe4 10. Bxe4 Qe7 11. Bc2 b6 12. d5 Qd6 13. e4 Ba6 1-0